শ্বেততুষার রক্তজবা : (Record no. 38447)
[ view plain ]
| 000 -LEADER | |
|---|---|
| fixed length control field | 00891nam a2200217 a 4500 |
| 001 - CONTROL NUMBER | |
| control field | 38447 |
| 003 - CONTROL NUMBER IDENTIFIER | |
| rucl marc code | BD-RjUL |
| 005 - DATE AND TIME OF LATEST TRANSACTION | |
| control field | 20211209052811.0 |
| 008 - FIXED-LENGTH DATA ELEMENTS--GENERAL INFORMATION | |
| fixed length control field | 160721s1983 bg ||||| |||| 00| 0 ben d |
| 035 ## - SYSTEM CONTROL NUMBER | |
| System control number | (BD-RjUL)38552 |
| 040 ## - CATALOGING SOURCE | |
| Original cataloging agency | BD-RjUL |
| Language of cataloging | eng |
| Transcribing agency | BD-RjUL |
| 041 ## - LANGUAGE CODE | |
| Language code of text/sound track or separate title | ben |
| 082 ## - DEWEY DECIMAL CLASSIFICATION NUMBER | |
| Edition number | 23 |
| Classification number | 891.71508 |
| Author mark and year | SHV 1983 |
| 245 10 - TITLE STATEMENT | |
| Title | শ্বেততুষার রক্তজবা : |
| Remainder of title | আধুুনিক রুশ কবিতা / |
| Statement of responsibility, etc. | অনুবাদ সানাউল হক |
| 260 ## - PUBLICATION, DISTRIBUTION, ETC. (IMPRINT) | |
| Place of publication, distribution, etc. | ঢাকা : |
| Name of publisher, distributor, etc. | বাংলা একাডেমী, |
| Date of publication, distribution, etc. | ১৯৮৩ |
| 300 ## - PHYSICAL DESCRIPTION | |
| Pagination | ৪৪, ২১৫ পৃ. ; |
| Size | ২১ সেমি. |
| 650 ## - SUBJECT ADDED ENTRY--TOPICAL TERM | |
| Topical term or geographic name as entry element | রুশ কবিতা |
| General subdivision | বাংলায় অনুবাদ |
| Chronological subdivision | ২০ শতক |
| 9 (RLIN) | 118728 |
| Topical term or geographic name as entry element | Russian poetry |
| General subdivision | Translations into Bengali |
| Chronological subdivision | 20th century |
| 9 (RLIN) | 118729 |
| 700 ## - ADDED ENTRY--PERSONAL NAME | |
| Personal name | হক, সানাউল |
| 942 ## - ADDED ENTRY ELEMENTS (KOHA) | |
| Source of classification or shelving scheme | Dewey Decimal Classification |
| Koha item type | Books |
| Lost status | Source of classification or shelving scheme | Damaged status | Not for loan | Collection code | Permanent Location | Current Location | Shelving location | Date acquired | Cost, normal purchase price | Total Checkouts | Full call number | Date last seen | Date checked out | Copy number | Koha item type | Source of acquisition |
|---|---|---|---|---|---|---|---|---|---|---|---|---|---|---|---|---|
| Dewey Decimal Classification | Non-fiction | Central Library, University of Rajshahi | Central Library, University of Rajshahi | 26/06/1990 | 35.00 | 1 | B 891.71508 SHV 1983 | 14/02/2016 | 08/12/2015 | C-2 | Books | |||||
| Dewey Decimal Classification | Non-fiction | Central Library, University of Rajshahi | Central Library, University of Rajshahi | 26/06/1990 | 35.00 | B 891.71508 SHV 1983 | 21/07/2016 | C-3 | Books | |||||||
| Dewey Decimal Classification | Not For Loan | Non-fiction | Central Library, University of Rajshahi | Central Library, University of Rajshahi | Reading Room | 02/01/1985 | 35.00 | B 891.71508 SHV 1983 | 02/02/2017 | C-1 | Books | Bangla Academy, Dhaka |